000 nam a22 a 4500
999 _c1058
_d1058
003 AKMAL
005 20170508114957.0
008 170508s1999 my 00 may d
020 _a983214924X (kkt.):
_cRM10.00
040 _aAKMAL
082 0 4 _a297.22 ABD
090 0 0 _a297.22
_bABD
100 0 _aAbdul Mu'iz Khattab
_92216
245 1 0 _aWanita-wanita penghuni neraka /
_cAbdul Mu'iz Khattab
260 _aKuala Lumpur :
_bPenerbitan Darul Iman,
_c1999
300 0 0 _aiv, 126ms. ;
_c21cm
500 _aMengandungi ayat-ayat dari Quran
650 0 _aWomen
_xReligious aspects
_xIslam
_92098
650 0 _aHell
_xIslam
_92217
650 0 _aWomen in Islam
_91654
942 _2ddc
_cBOOK